000 01485cam a22003257a 4500
001 1737
005 20230925132405.0
020 _a9780545150613
020 _a0545150612
040 _aBTCTA
_beng
_cBTCTA
_dMCLSW
_dGO3
_dSOM
_dEHH
_dUPZ
_dDLC
050 0 0 _aPZ7
_b.T3388 2010
082 0 4 _a[Fic]
_222
100 _aStilton, Geronimo
245 1 0 _aThea Stilton and the secret city /
_c[text by Thea Stilton ; illustrations by Alessandro Battan ... et al.].
246 1 _iAt head of title:
_aGeronimo Stilton
260 _aNew York :
_bScholastic,
_c2010.
300 _a161 pages :
_bcolor illustrations ;
_c20 cm.
500 _a"English translation by Atlantyca S.p.A."--T.p. verso.
505 _aK
520 _a"When Paulina gets a phone call from home telling her that a friend is missing, the Thea Sisters travel to Peru to help solve the mystery. There, the five mice climb the Andes Mountains in search of a missing archaeologist. Along the way, they stumble upon clues leading them to a mysterious hidden city. Will the Thea Sisters find Paulina's friend, and the treasure of the Secret City?" -- P. [4] of cover.
521 0 _a620
_bLexile
521 1 _aK
_bRaz-Plus
650 0 _aMice
_vJuvenile fiction.
650 0 _aTreasure troves
_zPeru
_vJuvenile fiction.
650 0 _aHumorous stories.
655 7 _aAdventure fiction.
_2gsafd
700 1 _aBattan, Alessandro,
_d1974-
_eillustrator
906 _a7
_bcbc
_ccopycat
_d2
_encip
_f20
_gy-gencatlg
942 _2ddc
_cBK
_n0
999 _c1737
_d1737